000 00466nam a2200169Ia 4500
008 220531s9999 xx 000 0 und d
041 _amar
100 _aकुलकर्णी महेश आणि इतर
_962584
245 _aविपणनाची मूलतत्‍वे
250 _a1ST
260 _aPune
_bNirali
_c2013
300 _a8.14
542 _d10-09-2013
650 _acommerce
_962585
906 _d2013-2014
999 _c35606
_d35606